Uj gazdasági jelenségek

Salvato in:
Dettagli Bibliografici
Autore principale: Domány, Gyula
Natura: Libro
Lingua:ungherese
Pubblicazione: Budapest Béta irodalmi részvénytársaság 1942
Tags: Aggiungi Tag
Nessun Tag, puoi essere il primo ad aggiungerne!!

MARC

LEADER 00000nam a2200000 4500
001 c126584
005 20041019155238.4
041 0 |a hun 
044 |a HU 
245 1 0 |a Uj gazdasági jelenségek  |c Gyula Domány 
264 1 |a Budapest  |b Béta irodalmi részvénytársaság  |c 1942 
300 |a 416 s. 
100 1 |a Domány, Gyula